000 00583nam a22001817a 4500
005 20251127181433.0
008 251125b |||||||| |||| 00| 0 eng d
020 _a978-81-19613-40-3
041 _aeng
082 _a615.32 SIN-P
100 _aSINGH, HIMANSHU. 2- SINGH, NEHA. 3- SINGH, DR. SWATI . 4- GAUTAM, VINITA
_98803
245 _aPHARMACOGNOSY & PHYTOCHEMISTRY - II : For THE STUDENTS OF B PHARM [5TH SEMESTER]
250 _a1ST ED, 2024
260 _aNEW DELHI
_bINNOVATIVE PUBLICATIONS PVT.LTD
_c2024
300 _a282;P
650 _aPHARMACY
_xB.PHARMA
942 _cBK
999 _c8980
_d8978